| 000 | 01209cam a22002415a 4500 | ||
|---|---|---|---|
| 001 | L140279 | ||
| 008 | 070212s2007 xxk f 000 0 eng d | ||
| 035 | _a(Sirsi) u140279 | ||
| 041 | 0 | _aeng | |
| 050 | 0 | 4 | _a630 $2 18 |
| 100 | 1 | _aFane, Peter | |
| 245 | 0 | 0 |
_aClimate change and UK agriculture _bimplications for land management, summary |
| 260 |
_aLondon _bRICS _c2007 |
||
| 300 |
_a8p. _bill. _c30cm. |
||
| 505 | 2 | _aIntroduction -- Summary and recommendations -- Background -- Adapting UK agriculture for climate change -- Delivery arrangements for climate change and agriculture -- Conclusions | |
| 520 | _aSummary, conclusions and recommendations of a report looking at key climate change scenarios. Highlights the implications for UK agriculture and possible options for farmers and those who advise them. Also considers the effect which UK agriculture has on climate change and how UK agriculture could lessen this impact. (Full report #121700) | ||
| 590 | _aKA | ||
| 651 | 4 | _aUnited Kingdom | |
| 690 | _aENVIRONMENTAL AND LAND CONSULTANCY-AGRIBUSINESS-AGRICULTURE | ||
| 710 | 2 |
_aRoyal Institution of Chartered Surveyors _94900 |
|
| 710 | 2 |
_aRoyal Agricultural College _917 |
|
| 942 |
_n0 _2ddc |
||
| 999 |
_c107468 _d107468 |
||